| 000 | 00868nam a2200265Ia 4500 | ||
|---|---|---|---|
| 005 | 20210727153043.0 | ||
| 008 | 121119s2001 mx gr 000 j spa | ||
| 020 | _a9681663802 | ||
| 041 | 0 | _aspa | |
| 100 | 0 | _aComotto | |
| 245 | 1 | 0 |
_aSiete millones de escarabajos _ctexto e ilustraciones de Comotto |
| 250 | _aPrimera edición | ||
| 300 |
_a36 páginas _bilustraciones _c21 cm |
||
| 490 | 0 | _aLos especiales de a la orilla del viento | |
| 650 | 1 | 4 |
_aCuentos infantiles mexicanos _2LEMB |
| 650 | 1 | 4 |
_aLiteratura infantil mexicana _ySiglo XX _2LEMB |
| 650 | 1 | 4 |
_aAnimales en la literatura _2LEMB |
| 942 |
_2loc _cBKINF |
||
| 264 |
_aMéxico _bFondo de Cultura Económica _c2001 |
||
| 336 |
_atexto _btxt _2rdacontent |
||
| 337 |
_asin mediación _bn _2rdamedia |
||
| 338 |
_avolumen _bnc _2rdacarrier |
||
| 040 |
_aCO-BoRNBP _bspa _erda _cCO-BoRNBP |
||
| 084 | _aA COM3 | ||
| 999 |
_c1559 _d1559 |
||